Catálogo

Vista normal Vista MARC

Entrada Personal Name

Número de registros utilizados en: 1

001 - CONTROL NUMBER

  • control field: 3977

003 - CONTROL NUMBER IDENTIFIER

  • control field: DLC

005 - DATE AND TIME OF LATEST TRANSACTION

  • control field: 20250909124151.0

008 - FIXED-LENGTH DATA ELEMENTS

  • fixed length control field: 060710n| azannaabn |a aaa

010 ## - LIBRARY OF CONGRESS CONTROL NUMBER

  • LC control number: n 2006053296

035 ## - SYSTEM CONTROL NUMBER

  • System control number: (OCoLC)oca06991164

040 ## - CATALOGING SOURCE

  • Original cataloging agency: DLC
  • Language of cataloging: spa
  • Description conventions: rda
  • Transcribing agency: Mx-PuUPA
  • Modifying agency: WU
  • Modifying agency: DLC
  • Modifying agency: Mx-PuUPA

046 ## - SPECIAL CODED DATES

  • Birth date: 1974
  • Source of date scheme: edtf

100 1# - HEADING--PERSONAL NAME

  • Personal name: Fernández Santiago, Miriam,

374 ## - OCCUPATION

  • Occupation: Coordinadora

375 ## - GENDER

  • Gender: mujer

377 ## - ASSOCIATED LANGUAGE

  • Language code: spa

400 1# - SEE FROM TRACING--PERSONAL NAME

  • Personal name: Santiago, Miriam Fernández

400 1# - SEE FROM TRACING--PERSONAL NAME

  • Personal name: Fernández, Miriam
  • Fuller form of name: (Fernández Santiago)

670 ## - SOURCE DATA FOUND

  • Source citation: Fernández Santiago, Miriam. The voice and the void, 2005:
  • Information found: t.p. (Miriam Fernández Santiago) p. 13 (Miriam Fernández)

670 ## - SOURCE DATA FOUND

  • Source citation: Embodied vulnerabilities in literature and film, 2024:
  • Information found: CIP t.p. (Miriam Fernández Santiago) data view (b. 1974) galley (Miriam Fernández-Santiago is Head of the English Department at the University of Granada (Spain); her current research interests focus on contemporary literature in English, critical posthumanism, vulnerability and disability studies)